| 000 | 01253nac a22002291u 4500 | ||
|---|---|---|---|
| 008 | 100721s le|||||r|||| 001 0 ara d | ||
| 082 |
_a220.9 _bب ل ا _222 |
||
| 100 |
_aبلاشير _916606 |
||
| 245 |
_aالقرآن: _b/نزوله ، تدوينه ، ترجمته وتأثيره _cبلاشير ; نقله الى العربية رضا سعادة ; أشرف على الترجمة فريد عبير ؛حققه وراجعه محمد علي الزغبي |
||
| 260 |
_aبيروت: _bدار الكتاب اللبناني ،1974 _c1974. |
||
| 300 |
_a187ص ؛ _c24 سم |
||
| 541 |
_aألف باء ; _cشراء ; |
||
| 650 |
_aالقرآن _916017 _xتاريخ |
||
| 650 |
_aالقرآن، جمع وتدوين _916158 |
||
| 650 |
_aالقرآن _98720 _xأسباب النزول |
||
| 650 |
_aالقرآن، نزول _916803 |
||
| 700 |
_aسعادة ، رضا _916616 _eمترجم |
||
| 700 |
_aالزغبي ، محمد علي _916617 _eمحقق ومراجع |
||
| 700 |
_aعبير ، الأب فريد _916618 _eالاشراف على الترجمة |
||
| 942 |
_cBB _k220.9ب ل ا _2ddc |
||
| 999 |
_c5950 _d5950 |
||